Wertvollste Bundesliga Spieler - Statistiken

Allgemein
  • Dieses Quiz wurde 257 mal gespielt
  • Das Durchschnittsergebnis liegt bei 18 aus 25
Antwortstatistiken
Platz Verein Marktwert Spieler % Korrekt
1 BVB 110mio Jude Bellingham
99%
2 FCB 100mio Jamal Musiala
98%
4 FCB 80mio Joshua Kimmich
94%
6 FCB 70mio Leroy Sane
93%
3 RBL 80mio Christopher Nkunku
89%
11 FCB 65mio Serge Gnabry
89%
8 B04 70mio Florian Wirtz
86%
10 FCB 65mio Leon Goretzka
85%
12 FCB 60mio Dayot Upamecano
79%
7 FCB 70mio Alphonso Davies
77%
14 FCB 60mio Kingsley Coman
73%
9 FCB 70mio Matthijs de Ligt
70%
19 SGE 37mio Randal Kolo Muani
70%
15 FCB 50mio Lucas Hernandez
69%
21 FCB 35mio Benjamin Pavard
65%
5 RBL 75mio Josko Gvardiol
64%
13 FCB 60mio Sadio Mane
64%
16 B04 50mio Moussa Diaby
63%
25 BVB 35mio Niklas Süle
62%
17 RBL 40mio Dani Olmo
59%
18 B04 38mio Patrik Schick
59%
22 BVB 35mio Karim Adeyemi
53%
20 BVB 35mio Sebastien Haller
53%
24 RBL 35mio Dominik Szoboszlai
41%
23 BVB 35mio Giovanni Reyna
39%
Keine übereinstimmenden Quizze gefunden
Verteilung der Resultate
Anzahl Personen mit jedem Resultat
Perzentil nach korrekt beantworteten Fragen
Ihre Resultats-Entwicklung
Sie haben dieses Quiz noch nicht gespielt